| 000 | 04443cam a22005294i 4500 | ||
|---|---|---|---|
| 003 | PE-LiUPU | ||
| 005 | 20251015094308.0 | ||
| 008 | 150617s r 000 0 eng d | ||
| 035 | _a(Sirsi) i9788427114357 | ||
| 040 |
_aPE-LiUPU _bspa _cPE-LiUPU _erda _dPE-LiUPU |
||
| 049 | _aPRUA | ||
| 082 | 0 | 4 |
_a270.6 _bM379 _221 |
| 245 | 1 | 0 |
_aMartin Luther : _btreasures of the Reformation / _cState Office for Heritage Management and Archaeology Saxony-Anhalt--State Museum of Prehistory, Luther Memorials Foundation of Saxony-Anhalt, Stiftung Deutsches Historisches Museum, Foundation Schloss Friedenstein Gotha, Minneapolis Institute of Art, the Morgan Library & Museum ; [volume editor], Katrin Herbst. |
| 264 | 1 |
_a[Dresden] : _bSandstein Verlag, _c[2016]. |
|
| 300 |
_a503 páginas : _cilustraciones (principalmente a color) ; _b31 centímetros. |
||
| 336 |
_atext _2rdacontent |
||
| 337 |
_aunmediated _2rdamedia |
||
| 338 |
_avolume _2rdacarrier |
||
| 500 | _aCatalogue of the exhibitions "Martin Luther: Art and the Reformation," held at the Minneapolis Institute of Art, October 30, 2016-January 15, 2017; "Word and Image: Martin Luther's Reformation," held at the Morgan Library & Museum, New York, October 7, 2016-January 22, 2017; and "Law and Grace: Martin Luther, Lucas Cranach, and the Promise of Salvation," held at the Pitts Theology Library, Emory University, Atlanta, October 11, 2016-January 16, 2017, all part of the exhibition project "Here I Stand. | ||
| 500 | _a Issued in slipcase with companion publication: Martin Luther and the Reformation. | ||
| 504 | _aIncluye referencias bibliográficas e índice (páginas 456-480) | ||
| 505 | 0 | _aFinding Luther. The Luther family in Mansfield. The "Luther Pit" in Mansfield: what their garbage tells us about the Luther Family. The Counts of Mansfield and the copper shale mines of Mansfield. Dawn of a new era -- II. Wordly power and courtly art. The emperor and the papacy. The joint exercise of clerical and wordly power. The rulers of Saxony. The Cranach Family in Wittenberg -- III. Pre-Reformation piety. Parochial churches and divine service prior to the Reformation. Piety in the late Middle Ages. The system of indulgences in the Catholic Church -- IV. Luther as a monk, scholar, and preacher. Luther's academic background. Leucorea. The Ninety-five theses. From likeness to image: early portraits of Luther. The Imperial Diet of Worms -- V. Luther's theology. Sola fide--justification by faith alone. Law and grace--a pictorial subject of the Reformation. The Eucharist. Luther's translation of the Bible -- VI. Luther in Wittenberg. Hitched with Luther: the marriage between Katharina von Bora and Martin Luther. Katharina von Bora (1499-1552). A convent turned reformer's home: how did Martin Luther live? Luther's fellow reformers. Printing in Wittenberg. Poverty and charity in the age of Reformation. The role of music in the Reformation -- VII. Polemics and conflicts. The peasants' uprising in Germany. Satirical and polemical woodcuts. Iconoclasm in Wittenberg: a myth? The Schmalkaldic League. Luther the hater -- VIII. Luther's legacy. The death of Martin Luther. In memory of Luther: museum, memorial, and relic. The consequences of the Reformation -- Traces of the Reformation. | |
| 526 | _aSEG42 | ||
| 526 | _aSEG41 | ||
| 526 | _aSEG40 | ||
| 526 | _aSEG39 | ||
| 526 | _aP94 | ||
| 526 | _aP87 | ||
| 526 | _aP86 | ||
| 526 | _aP85 | ||
| 526 | _aP77 | ||
| 526 | _aP76 | ||
| 526 | _aP35 | ||
| 600 | 0 |
_aLutero, Martín, _d1483-1546. _vExhibiciones. _91490 |
|
| 650 | 1 | 0 |
_aReforma _vExhibiciones. _91623 |
| 700 | 1 |
_aHerbst, Katrin, _eeditor. _93741 |
|
| 710 |
_aLandesamt für Denkmalpflege und Archäologie Sachsen-Anhalt--Landesmuseum für Vorgeschichte, _eorganismo emisor. _93742 |
||
| 710 |
_aDeutsches Historisches Museum, _eorganismo emisor. _93744 |
||
| 710 |
_aForschungs- und Landesbibliothek Gotha, _eorganismo emisor. _93745 |
||
| 710 |
_aMinneapolis Institute of Art, _eorganismo emisor _einstitución anfitriona. _93746 |
||
| 710 |
_aPierpont Morgan Library, _eorganismo emisor _einstitución anfitriona. _93747 |
||
| 710 |
_aPitts Theology Library, _einstitución anfitriona. _93748 |
||
| 730 |
_aMartin Lutero y la Reforma. _93743 |
||
| 942 |
_2ddc _cBK _n0 |
||
| 980 |
_818226 _gJaime Vilcazán Jefe de Análisis Documental _618226 _aJaime Vilcazán Jefe de Análisis Documental |
||
| 999 |
_c62316 _d62315 |
||